VERSUS, N.068/069 (MAGGIO/DICEMBRE 1994) (Record n. 193262)

Dettagli MARC
000 -LEADER
fixed length control field 00996nas a2200253Ia 4500
001 - CONTROL NUMBER
control field R706/E4478
003 - CONTROL NUMBER IDENTIFIER
control field IT-RoPAU
008 - FIXED-LENGTH DATA ELEMENTS--GENERAL INFORMATION
fixed length control field 151124c99999999xx |||||||||||| ||und||
040 ## - CATALOGING SOURCE
Original cataloging agency IT-RoPAU
040 ## - CATALOGING SOURCE
Transcribing agency IT-RoPAU
041 ## - LANGUAGE CODE
Language code of text/sound track or separate title ITALIANO
100 ## - MAIN ENTRY--PERSONAL NAME
Personal name Marconi Luca
Miscellaneous information Codice Aut. SPICS: 13914
210 ## - ABBREVIATED TITLE
Abbreviated title VERSUS
222 ## - KEY TITLE
Key title Versus
245 ## - TITLE STATEMENT
Title VERSUS, N.068/069 (MAGGIO/DICEMBRE 1994)
Remainder of title Insegnare la Teoria A Partire Dall'Ascolto: la Semiotica Degli Intervalli
250 ## - EDITION STATEMENT
Edition statement 1a ed.
260 ## - PUBLICATION, DISTRIBUTION, ETC. (IMPRINT)
Place of publication, distribution, etc. MILANO
Name of publisher, distributor, etc. BOMPIANI
Date of publication, distribution, etc. 1994
300 ## - PHYSICAL DESCRIPTION
Extent 12 p. [113-124]
362 ## - DATES OF PUBLICATION AND/OR SEQUENTIAL DESIGNATION
Dates of publication and/or sequential designation N.068/069 (MAGGIO/DICEMBRE 1994)
501 ## - WITH NOTE
-- Paulus - SPICS - Società San Paolo EM (non-commercial uses only)
-- Copyright2015
500 ## - GENERAL NOTE
General note Scelta del Percorso. Semiotica degli Intervalli: Pertinenze e Correlazioni, Prova di Commutazione. Dall'Esperienza Alla Teoria: Ascolto e Verbalizzazione, Ascolto Sincretico e Analitico. Approcci Musicali.
650 ## - SUBJECT ADDED ENTRY--TOPICAL TERM
Topical term or geographic name as entry element SEMIOTICA
Form subdivision PUBBLICAZIONE PERIODICA
942 ## - ADDED ENTRY ELEMENTS (KOHA)
Koha item type RIVISTA
Dati di copia
Withdrawn status Lost status Damaged status Not for loan Home library Current library Date acquired Total Checkouts Full call number Date last seen Price effective from Koha item type Public note
    Buone Condizioni Not For Loan SPICS-MEDIATECA SPICS-MEDIATECA 25/11/2015   R706/E4478 25/11/2015 25/11/2015 RIVISTA Progr. Ins: 92069 / Copia rara: NO / date import: 25.11.2015 / By Epidotti, Trombetti, Vaglietti
CREDITS: SOCIETA' SAN PAOLO Via A.Severo, 58 - ROMA (RM) & PERIODICI SAN PAOLO SRL Via Giotto, 36 MILANO & CISF Via Giotto, 36 MILANO & EDIZIONI SAN PAOLO SRL,  Piazza Soncino, 5 CINISELLO BALSAMO (MI) -- ITALY